00470pab a2200133 454500008004000000100002400040245016300064260000900227300001400236362000800250650001800258700002300276773003700299180718b2006 xxu||||| |||| 00| 0 eng d aGibson, Cristina B. aUnpacking the concept of virtuality: the effects of geographic dispersion, electronic dependence, dynamic structure, and national diversity on team innovation c2006 ap.451-95. aSep aOrganizations aGibbs, Jennifer L. aAdministrative Science Quarterly